| 000 | 00593nam a2200241Ia 4500 | ||
|---|---|---|---|
| 003 | OSt | ||
| 005 | 20220918174059.0 | ||
| 006 | a|||||r|||| 00| 0 | ||
| 007 | ta | ||
| 008 | 220917b |||||||| |||| 00| 0 eng d | ||
| 024 | _a10,354 | ||
| 037 | _cTextual | ||
| 040 |
_aARTS _cARTS _beng |
||
| 041 |
_2eng _aeng |
||
| 082 | _aR1, M9 | ||
| 100 |
_aMartin Norman M _949060 |
||
| 245 | 0 | _aSystems of logic | |
| 260 |
_aCambridge _bUniv Press _c1989 |
||
| 300 |
_axi,320p. _ccm. |
||
| 650 | _aLOGIC | ||
| 942 |
_hR1, M9 _cTEXL _2CC |
||
| 999 |
_c151728 _d151728 |
||